| 000 | 00875nam a22002417a 4500 | ||
|---|---|---|---|
| 001 | 4991 | ||
| 003 | FISKH | ||
| 005 | 20250723145248.0 | ||
| 008 | 241030b cb ||||| |||| 00| 0 eng d | ||
| 020 | _a9780439802055 | ||
| 040 |
_aFISKH _beng _cFISKH _dFISKH |
||
| 050 | _aE209.S33 | ||
| 082 | _a973.3 | ||
| 100 | _aSchanzer, Rosalyn | ||
| 245 |
_aGeorge vs. George : _bThe American revolution as seen from both sides / _c by Rosalyn Schanzer |
||
| 250 | _aFirst Scholastic printing, September 2005 | ||
| 260 |
_aNew York : _bScholastic , _c2004. |
||
| 300 |
_a60 pages : _bcolor illustrations , maps ; _c28 cm . |
||
| 520 | _aExplores how the characters and lives of King George III of England and George Washington affected the progress and outcome of the American Revolution. | ||
| 650 |
_aRevolutionary War _vnon-fiction |
||
| 942 |
_2ddc _cBK _n0 |
||
| 999 |
_c4991 _d4991 |
||